| 000 | 00746cam a2200241 a 4500 | ||
|---|---|---|---|
| 001 | 2424318 | ||
| 005 | 20250910114150.0 | ||
| 008 | 870519s1989 oru b 000 0 eng | ||
| 020 | _a0890816174 | ||
| 020 | _a9780890816172 | ||
| 050 | 0 | 0 |
_aBP605.N48 _bM53 1989 |
| 082 | 0 | 0 |
_a261.5/1 _220 |
| 100 | 1 | _aMichaelsen, Johanna. | |
| 245 | 1 | 0 |
_aLike lambs to the slaughter / _cJohanna Michaelsen ; [foreword by Hal Lindsey]. |
| 260 |
_aEugene, Or. : _bHarvest House, _cc1989. |
||
| 300 |
_a352 p. ; _c22 cm. |
||
| 500 | _aSpine title: Lambs to the slaughter. | ||
| 500 | _aCover subtitle: Your child and the occult. | ||
| 650 | 0 | _aNew Age movement. | |
| 650 | 0 | _aReligious education of children. | |
| 650 | 0 | _aApologetics. | |
| 942 |
_2lcc _cBK _n0 |
||
| 999 |
_c7509 _d7509 |
||